[Event "LSS No Engine Cup 22 Preliminary 7"]
[Site "LSS email"]
[Date "2010.05.19"]
[Round "?"]
[White "Pauk, Jozef"]
[Black "Madrid, Leon"]
[Result "1-0"]
[WhiteElo "867"]
[BlackElo "754"]
[PlyCount "57"]
[EventDate "2010.05.20"]
[EventType "tourn (corr)"]
[EventRounds "6"]
[EventCountry "GER"]
[SourceTitle "Telechess CBM 147"]
[Source "ChessBase"]
[SourceDate "2012.03.16"]
[SourceVersion "1"]
[SourceVersionDate "2012.03.16"]
[SourceQuality "1"]

1. e4 e5 2. Nf3 Nc6 3. Bb5 a6 4. Ba4 Nf6 5. d3 d6 6. h3 h6 7. Nc3 Bd7 8. Bb3 Be7 9. Nh4 0-0 10. 0-0 Nd4 11. Nf3 Nxb3 12. axb3 Re8 13. Ne2 c6 14. Nh2 d5 15. f3 dxe4 16. fxe4 Qb6+ 17. Kh1 Bc5 18. Qe1 Be3 19. Qg3 Bxc1 20. Raxc1 a5 21. Rxf6 Re6 22. Rf5 Rg6 23. Qf3 Bxf5 24. exf5 Rf6 25. Ng4 Rd6 26. Qg3 Re8 27. Rf1 a4 28. f6 axb3 29. Nxh6+ 1-0

[Event "LSS BI-2010-P-00016"]
[Site "LSS email"]
[Date "2010.04.19"]
[Round "?"]
[White "Cesbron, Guy"]
[Black "Madrid, Leon"]
[Result "1-0"]
[WhiteElo "2044"]
[BlackElo "754"]
[PlyCount "37"]
[EventDate "2010.04.22"]
[EventType "tourn (corr)"]
[EventRounds "10"]
[EventCountry "GER"]
[SourceTitle "Telechess CBM 147"]
[Source "ChessBase"]
[SourceDate "2012.03.16"]
[SourceVersion "1"]
[SourceVersionDate "2012.03.16"]
[SourceQuality "1"]

1. e4 e5 2. Nf3 Nc6 3. Bb5 d6 4. d4 Bd7 5. Nc3 a6 6. Bxc6 Bxc6 7. dxe5 dxe5 8. Qxd8+ Rxd8 9. Nxe5 Rd6 10. 0-0 Nf6 11. Bf4 Bxe4 12. Rfe1 Rd4 13. Nf3 Rc4 14. Nd2 Rd4 15. Ndxe4 Nxe4 16. Nxe4 Be7 17. Be5 Rxe4 18. Rxe4 0-0 19. Bxg7 1-0

[Event "LSS BI-2010-P-00016"]
[Site "LSS email"]
[Date "2010.04.19"]
[Round "?"]
[White "Madrid, Leon"]
[Black "De Booy, Marco"]
[Result "1-0"]
[WhiteElo "754"]
[BlackElo "1022"]
[PlyCount "129"]
[EventDate "2010.04.22"]
[EventType "tourn (corr)"]
[EventRounds "10"]
[EventCountry "GER"]
[SourceTitle "Telechess CBM 147"]
[Source "ChessBase"]
[SourceDate "2012.03.16"]
[SourceVersion "1"]
[SourceVersionDate "2012.03.16"]
[SourceQuality "1"]

1. e4 e5 2. Nf3 Nf6 3. d4 Nxe4 4. dxe5 d5 5. Bd3 Nd7 6. 0-0 Bc5 7. Bxe4 dxe4 8. Ng5 Be7 9. Nxe4 Nxe5 10. Bf4 Ng6 11. Bg3 Bf5 12. Nbc3 0-0 13. Qxd8 Bxd8 14. Rad1 Bxe4 15. Nxe4 c6 16. Rd7 b6 17. Rfd1 Re8 18. f3 Re7 19. Rxd8+ Re8 20. Rxa8 Rxa8 21. Rd7 h6 22. c4 c5 23. a3 Kf8 24. Bf2 Ne5 25. Nxc5 bxc5 26. Bxc5+ Kg8 27. Rxa7 Rc8 28. Bd4 Nxc4 29. b4 Nd6 30. Bc5 Nb5 31. Ra6 Rd8 32. a4 Nc7 33. Rd6 Ra8 34. a5 Na6 35. Kf2 Nxc5 36. bxc5 Rxa5 37. c6 Rc5 38. Ke3 Kf8 39. Kd4 Rc2 40. Ke5 Ke7 41. Rd7+ Ke8 42. Kd6 Rd2+ 43. Kc7 Rc2 44. Kb7 Rb2+ 45. Kc8 Rxg2 46. c7 Rxh2 47. Rd6 Rc2 48. Kb7 Rxc7+ 49. Kxc7 Ke7 50. Kc6 f6 51. Kd5 Kf7 52. Ke4 Kg6 53. Kf4 h5 54. Kg3 Kh6 55. Rd5 g6 56. Rd6 Kg5 57. f4+ Kf5 58. Rd5+ Ke4 59. Rc5 h4+ 60. Kg4 h3 61. Rc4+ Kd5 62. Rc3 h2 63. Rh3 Ke6 64. Rxh2 Kf7 65. Rh7+ 1-0

[Event "LSS BI-2010-P-00016"]
[Site "LSS email"]
[Date "2010.04.19"]
[Round "?"]
[White "Madrid, Leon"]
[Black "Istomin, Sergei"]
[Result "0-1"]
[WhiteElo "738"]
[BlackElo "1994"]
[PlyCount "68"]
[EventDate "2010.04.22"]
[EventType "tourn (corr)"]
[EventRounds "10"]
[EventCountry "GER"]
[SourceTitle "Telechess CBM 141"]
[Source "ChessBase"]
[SourceDate "2011.03.17"]
[SourceVersion "1"]
[SourceVersionDate "2011.03.17"]
[SourceQuality "1"]

1. e4 c5 2. Nf3 Nc6 3. d4 cxd4 4. Nxd4 e5 5. Nxc6 bxc6 6. Bc4 Nf6 7. Bg5 Be7 8. Nc3 0-0 9. 0-0 h6 10. Bh4 d6 11. h3 Be6 12. Qe2 Nxe4 13. Bxe7 Nxc3 14. bxc3 Qxe7 15. Rab1 d5 16. Bb3 f6 17. c4 d4 18. Rfd1 c5 19. Rbc1 Bf5 20. Rd2 Bh7 21. f3 Qc7 22. a4 e4 23. fxe4 Rae8 24. Qf2 Rxe4 25. Re1 Rfe8 26. Ree2 f5 27. Rxe4 fxe4 28. Re2 Rf8 29. Qe1 e3 30. c3 Bd3 31. cxd4 Bxe2 32. Qxe2 Qg3 33. dxc5 Rf2 34. Qg4 Rxg2+ 0-1

[Event "LSS SN-2010-0-00238"]
[Site "LSS email"]
[Date "2010.04.11"]
[Round "?"]
[White "Rey, Dieter"]
[Black "Madrid, Leon"]
[Result "0-1"]
[WhiteElo "676"]
[BlackElo "762"]
[PlyCount "114"]
[EventDate "2010.03.29"]
[EventType "tourn (corr)"]
[EventRounds "6"]
[EventCountry "GER"]
[SourceTitle "Telechess CBM 141"]
[Source "ChessBase"]
[SourceDate "2011.03.17"]
[SourceVersion "1"]
[SourceVersionDate "2011.03.17"]
[SourceQuality "1"]

1. d4 d5 2. c4 e6 3. Nf3 Nf6 4. Nc3 h6 5. e3 Bb4 6. Qc2 b6 7. a3 Bxc3+ 8. Qxc3 c5 9. Bd3 Bb7 10. 0-0 0-0 11. Bd2 dxc4 12. Qxc4 cxd4 13. Qxd4 Nc6 14. Qxd8 Rfxd8 15. Bb5 Ne4 16. Rfd1 Nxd2 17. Rxd2 Rxd2 18. Nxd2 Rd8 19. Bxc6 Bxc6 20. Nc4 Bb5 21. Ne5 Rd2 22. a4 Bd7 23. Nxd7 Rxd7 24. Kf1 Rd2 25. Ke1 Rxb2 26. Rc1 Ra2 27. Rc8+ Kh7 28. Rc7 Rxa4 29. Rxf7 a5 30. Rb7 Rb4 31. Kd2 Kg6 32. Re7 Kf6 33. Rd7 Rb2+ 34. Ke1 Rc2 35. Rb7 Rb2 36. Rb8 a4 37. g3 b5 38. Rf8+ Kg6 39. Re8 Kf7 40. Ra8 Rb3 41. Kd2 a3 42. Kc2 Rb2+ 43. Kc1 b4 44. Ra7+ Kf6 45. Ra4 Rxf2 46. Rxb4 a2 47. Ra4 Rxh2 48. e4 g5 49. Ra5 h5 50. e5+ Kf5 51. g4+ Kxg4 52. Ra6 Kf5 53. Ra8 g4 54. Rf8+ Kxe5 55. Ra8 g3 56. Ra5+ Kf6 57. Ra6 g2 0-1

[Event "OP-2010-0-01130"]
[Site "LSS email"]
[Date "2010.04.08"]
[Round "?"]
[White "Yangibayev, Rustam"]
[Black "Madrid, Leon"]
[Result "1-0"]
[WhiteElo "787"]
[BlackElo "800"]
[PlyCount "55"]
[EventDate "2010.04.02"]
[EventType "tourn (corr)"]
[EventRounds "4"]
[EventCountry "GER"]
[SourceTitle "Corr 2013"]
[Source "ChessBase"]
[SourceDate "2012.11.12"]
[SourceVersion "1"]
[SourceVersionDate "2012.11.12"]
[SourceQuality "1"]

1. d4 d5 2. c4 e6 3. Nc3 Nf6 4. Bg5 Bb4 5. Bxf6 Qxf6 6. Nf3 0-0 7. e3 b6 8. cxd5 exd5 9. Be2 c5 10. 0-0 Bxc3 11. bxc3 Nc6 12. Rc1 Bb7 13. a3 Rfe8 14. Re1 Rac8 15. dxc5 bxc5 16. Qxd5 Rcd8 17. Qxc5 a6 18. Bf1 h6 19. Nd4 Nxd4 20. cxd4 Qg6 21. Qc7 Bd5 22. Rc5 Qe6 23. Qa5 Rd6 24. Rec1 Rc6 25. Rxc6 Bxc6 26. Qxa6 Rc8 27. Bd3 Qd5 28. Qxc8+ 1-0